000 00242nam a22001217a 4500
008 170201b xxu||||| |||| 00| 0 eng d
041 _aeng
080 _a61
100 _a3
101 _aSHM
245 _aCPT 2008
_cBEEBE, M
942 _2udc
_cBK
999 _c4211
_d4211